[Migration, Bildung un Spracherwerb Bildungssozialisation und Integration von Jugendlichen aus Einwandererfamilien]

Recenzia na publikáciu Norberta Heimkena, ktorá prináša dôležité poznanie nielen pre obyvateľov Nemecka, prípadne tradičných imigračných štátov západnej Európy, ale aj pre Slovensko. Charakteristické prvky a sprievodné problémy spojené s integráciou prisťahovalcov v súčasnosti.

Gespeichert in:
Bibliographische Detailangaben
1. Verfasser: Štefančík, Radoslav, 1976-
Format: Buchkapitel
Sprache:Slowakisch
Schlagworte:
Tags: Tag hinzufügen
Keine Tags, Fügen Sie das erste Tag hinzu!

MARC

LEADER 00000naa a2200000 4500
001 0206954
005 20240502073434.2
041 0 |a slo 
044 |a SK 
245 1 0 |a [Migration, Bildung un Spracherwerb Bildungssozialisation und Integration von Jugendlichen aus Einwandererfamilien]  |c Radoslav Štefančík 
520 |a Recenzia na publikáciu Norberta Heimkena, ktorá prináša dôležité poznanie nielen pre obyvateľov Nemecka, prípadne tradičných imigračných štátov západnej Európy, ale aj pre Slovensko. Charakteristické prvky a sprievodné problémy spojené s integráciou prisťahovalcov v súčasnosti. 
610 2 0 |a recenzie 
610 2 0 |a imigrácia 
610 2 0 |a politika azylová 
610 2 0 |a cudzinci 
610 2 0 |a utečenci 
610 2 0 |a migrácia 
610 2 0 |a integrácia 
610 2 0 |a začlenenie sociálne 
100 1 |a Štefančík, Radoslav, 1976-